[Event "Enger Knappen Cup op-B"]
[Site "Enger"]
[Date "2009.12.29"]
[Round "5"]
[White "Zuerik, Walter"]
[Black "Roever, Ludwig"]
[Result "1-0"]
[WhiteElo "1947"]
[BlackElo "1974"]
[PlyCount "95"]
[EventDate "2009.12.27"]
[EventType "swiss"]
[EventRounds "7"]
[EventCountry "GER"]
[SourceTitle "EXT 2011"]
[Source "ChessBase"]
[SourceDate "2010.11.26"]
[SourceVersion "1"]
[SourceVersionDate "2010.11.26"]
[SourceQuality "1"]

1. d4 d5 2. Nf3 Nf6 3. c4 e6 4. g3 Be7 5. Bg2 0-0 6. 0-0 b6 7. Nc3 Bb7 8. Ne5 Qc8 9. cxd5 Nxd5 10. Nxd5 Bxd5 11. e4 Bb7 12. Qa4 c5 13. d5 Qe8 14. Qb3 Bf6 15. Bf4 Nd7 16. Nxd7 Qxd7 17. e5 Bd8 18. dxe6 fxe6 19. Bxb7 Qxb7 20. Qxe6+ Qf7 21. Qxf7+ Kxf7 22. Rad1 g5 23. Bc1 g4 24. Rd7+ Be7 25. f4 gxf3 26. Rxf3+ Ke6 27. Rxf8 Rxf8 28. Rxa7 h5 29. Bf4 h4 30. Kg2 hxg3 31. hxg3 c4 32. Rc7 Bc5 33. Rc6+ Kd5 34. Rf6 Ra8 35. a3 Bd4 36. Kf3 c3 37. Rd6+ Kc5 38. bxc3 Bxc3 39. Ke4 Rxa3 40. Be3+ Kc4 41. Rc6+ Kb5 42. Rxb6+ Kc4 43. Rc6+ Kb5 44. Rc5+ Kb4 45. Rd5 Kc4 46. e6 Bb4 47. Re5 Bd6 48. e7 1-0

[Event "Enger Knappen Cup op-B"]
[Site "Enger"]
[Date "2009.12.27"]
[Round "2"]
[White "Bergmann, Reinhold"]
[Black "Zuerik, Walter"]
[Result "0-1"]
[WhiteElo "1929"]
[BlackElo "1947"]
[PlyCount "72"]
[EventDate "2009.12.27"]
[EventType "swiss"]
[EventRounds "7"]
[EventCountry "GER"]
[SourceTitle "EXT 2011"]
[Source "ChessBase"]
[SourceDate "2010.11.26"]
[SourceVersion "1"]
[SourceVersionDate "2010.11.26"]
[SourceQuality "1"]

1. e4 e6 2. d4 d5 3. Nd2 Nf6 4. e5 Nfd7 5. Bd3 c5 6. c3 Nc6 7. Ne2 Qb6 8. Nf3 cxd4 9. cxd4 f6 10. exf6 Nxf6 11. 0-0 Bd6 12. Re1 0-0 13. Nc3 Bd7 14. Re2 Rae8 15. h3 e5 16. dxe5 Nxe5 17. Nxe5 Bxe5 18. Qe1 Bb8 19. Qf1 Qd6 20. f4 Ne4 21. Bxe4 dxe4 22. Be3 Qg6 23. Kh1 Qg3 24. Nd5 Bc6 25. Rd1 Bxd5 26. Rxd5 Bxf4 27. Bxf4 Rxf4 28. Qd1 Ref8 29. Re1 Rf2 30. Rg1 e3 31. Qb3 Kh8 32. Rdd1 Qe5 33. Qxb7 e2 34. Rde1 Qe3 35. Qb4 Rf1 36. Qh4 Qxg1# 0-1

[Event "Enger Knappen Cup op-B"]
[Site "Enger"]
[Date "2009.12.27"]
[Round "1"]
[White "Zuerik, Walter"]
[Black "Neudorf, Rainer"]
[Result "1-0"]
[WhiteElo "1947"]
[BlackElo "1428"]
[PlyCount "51"]
[EventDate "2009.12.27"]
[EventType "swiss"]
[EventRounds "7"]
[EventCountry "GER"]
[SourceTitle "EXT 2011"]
[Source "ChessBase"]
[SourceDate "2010.11.26"]
[SourceVersion "1"]
[SourceVersionDate "2010.11.26"]
[SourceQuality "1"]

1. d4 f5 2. g3 Nf6 3. Bg2 e6 4. Nf3 d6 5. 0-0 h6 6. Nfd2 g5 7. e4 e5 8. exf5 Bxf5 9. Qf3 Bc8 10. dxe5 dxe5 11. Ne4 Nbd7 12. Nbd2 Bg7 13. Qb3 Nb6 14. Nxf6+ Bxf6 15. Ne4 Qe7 16. Be3 Be6 17. Nxf6+ Qxf6 18. Qa3 Bd5 19. Bxb6 Bxg2 20. Kxg2 Qxb6 21. Rad1 Rh7 22. Qa4+ c6 23. Qc4 Rf7 24. Qe6+ Kf8 25. Qxh6+ Ke8 26. Qh8+ 1-0

[Event "Hannover-ch MT"]
[Site "Stadthagen"]
[Date "2009.10.05"]
[Round "5"]
[White "Wittur, Helge"]
[Black "Zuerik, Walter"]
[Result "1/2-1/2"]
[WhiteElo "1891"]
[BlackElo "1765"]
[PlyCount "83"]
[EventDate "2009.10.03"]
[EventType "swiss"]
[EventRounds "7"]
[EventCountry "GER"]
[SourceTitle "EXT 2021"]
[Source "ChessBase"]
[SourceDate "2020.10.23"]
[SourceVersion "1"]
[SourceVersionDate "2020.10.23"]
[SourceQuality "1"]

1. Nf3 Nc6 2. c4 e5 3. d3 f5 4. Nc3 Nf6 5. g3 Be7 6. Bg2 0-0 7. 0-0 d6 8. a3 Be6 9. Ng5 Bd7 10. Nd5 Kh8 11. Nxe7 Qxe7 12. b4 Rab8 13. b5 Nd8 14. Qe1 h6 15. Nh3 Ne6 16. Qa5 Nd4 17. Ra2 Be6 18. e3 Nb3 19. Qc3 Nc5 20. f3 Qf7 21. Rc2 Na4 22. Qd2 Qd7 23. Nf2 c6 24. Qb4 cxb5 25. cxb5 Nb6 26. e4 Rbc8 27. Rxc8 Rxc8 28. a4 Rc2 29. Ba3 Nc8 30. exf5 Bxf5 31. Ne4 Bh3 32. Rf2 Rxf2 33. Kxf2 Bxg2 34. Kxg2 Nxe4 35. Qxe4 Qf7 36. Qc4 Qxc4 37. dxc4 Kg8 38. f4 exf4 39. gxf4 Kf7 40. Kf3 Nb6 41. Bxd6 Nxc4 42. Bc5 1/2-1/2

[Event "Hannover-ch MT"]
[Site "Stadthagen"]
[Date "2009.10.04"]
[Round "4"]
[White "Ehlert, Horst"]
[Black "Zuerik, Walter"]
[Result "1-0"]
[WhiteElo "1943"]
[BlackElo "1765"]
[PlyCount "30"]
[EventDate "2009.10.03"]
[EventType "swiss"]
[EventRounds "7"]
[EventCountry "GER"]
[SourceTitle "EXT 2021"]
[Source "ChessBase"]
[SourceDate "2020.10.23"]
[SourceVersion "1"]
[SourceVersionDate "2020.10.23"]
[SourceQuality "1"]

1. c4 Nc6 2. Nc3 Nf6 3. Nf3 d5 4. cxd5 Nxd5 5. g3 e5 6. d3 Nxc3 7. bxc3 Bc5 8. Bg2 0-0 9. 0-0 Qf6 10. Nd2 Qe7 11. Ne4 Bb6 12. a4 Na5 13. Ba3 c5 14. d4 f5 15. Nxc5 Rd8 1-0

[Event "Hannover-ch MT"]
[Site "Stadthagen"]
[Date "2009.10.04"]
[Round "3"]
[White "Zuerik, Walter"]
[Black "Lavella, Rocco"]
[Result "0-1"]
[WhiteElo "1765"]
[BlackElo "1870"]
[PlyCount "67"]
[EventDate "2009.10.03"]
[EventType "swiss"]
[EventRounds "7"]
[EventCountry "GER"]
[SourceTitle "EXT 2021"]
[Source "ChessBase"]
[SourceDate "2020.10.23"]
[SourceVersion "1"]
[SourceVersionDate "2020.10.23"]
[SourceQuality "1"]

1. d4 Nf6 2. Nf3 b6 3. e3 Bb7 4. Bd3 d6 5. Nbd2 Nbd7 6. 0-0 g6 7. b3 Bg7 8. Bb2 0-0 9. c4 c5 10. Re1 Qc7 11. Rc1 e5 12. Bb1 Rae8 13. Qc2 Ng4 14. h3 Nh6 15. d5 f5 16. Ng5 Nf6 17. Ne6 Rxe6 18. dxe6 Qe7 19. Rcd1 g5 20. Nf1 Ne4 21. f3 Nf6 22. Qd2 Ne8 23. Nh2 Qxe6 24. f4 g4 25. hxg4 fxg4 26. Qc2 g3 27. Qxh7+ Kf7 28. Nf1 Rh8 29. f5 Qe7 30. Qg6+ Kf8 31. Nxg3 Qh4 32. Rxd6 Ng4 33. Kf1 Qxg3 34. Ke2 0-1

[Event "Hannover-ch C/D"]
[Site "Lehrte"]
[Date "2008.10.14"]
[Round "7"]
[White "Zuerik, Walter"]
[Black "Nolte, Alexander Nicolai"]
[Result "1-0"]
[WhiteElo "1815"]
[BlackElo "1757"]
[PlyCount "89"]
[EventDate "2008.10.11"]
[EventType "swiss"]
[EventRounds "7"]
[EventCountry "GER"]
[SourceTitle "EXT 2021"]
[Source "ChessBase"]
[SourceDate "2020.10.23"]
[SourceVersion "1"]
[SourceVersionDate "2020.10.23"]
[SourceQuality "1"]

1. d4 d5 2. Nf3 Nf6 3. e3 e6 4. Bd3 b6 5. Ne5 Bd6 6. f4 Ba6 7. Bxa6 Nxa6 8. Qd3 Nb8 9. 0-0 0-0 10. Bd2 c5 11. c3 Qc7 12. Be1 Nc6 13. Nd2 cxd4 14. exd4 Rab8 15. Bh4 Nd7 16. Rfe1 b5 17. Re3 Rfc8 18. Rh3 Nf8 19. Qg3 Bxe5 20. fxe5 b4 21. Nf3 bxc3 22. bxc3 Rb2 23. Bf6 Ng6 24. Qg5 gxf6 25. exf6 Qf4 26. Qh5 Qe3+ 27. Kh1 h6 28. Rg1 Qf4 29. g4 Qxf6 30. g5 hxg5 31. Qh7+ Kf8 32. Nxg5 Ke7 33. Rf3 Rh8 34. Rxf6 Rxh7 35. Nxh7 Rxa2 36. Rgf1 Nd8 37. Ng5 Nh8 38. Rh6 Ng6 39. Nxf7 Nxf7 40. Rxg6 Nd6 41. h4 Rc2 42. Rg7+ Ke8 43. Rb1 Kf8 44. Rxa7 Rxc3 45. Rb8+ 1-0

[Event "Hannover-ch C/D"]
[Site "Lehrte"]
[Date "2008.10.13"]
[Round "5"]
[White "Hampel, Felix"]
[Black "Zuerik, Walter"]
[Result "1-0"]
[WhiteElo "1871"]
[BlackElo "1815"]
[PlyCount "43"]
[EventDate "2008.10.11"]
[EventType "swiss"]
[EventRounds "7"]
[EventCountry "GER"]
[SourceTitle "EXT 2021"]
[Source "ChessBase"]
[SourceDate "2020.10.23"]
[SourceVersion "1"]
[SourceVersionDate "2020.10.23"]
[SourceQuality "1"]

1. d4 d5 2. Nf3 Nf6 3. e3 Bg4 4. c4 c6 5. Qb3 Qb6 6. Qxb6 axb6 7. Ne5 e6 8. Bd3 Bh5 9. 0-0 Nfd7 10. f4 f6 11. Nf3 Bd6 12. Nc3 0-0 13. Bd2 Na6 14. a3 Nc7 15. e4 Bf7 16. e5 Be7 17. cxd5 Nxd5 18. Nxd5 exd5 19. e6 Bxe6 20. Rae1 Kf7 21. f5 Bxf5 22. Bxf5 1-0

[Event "Hannover-ch C/D"]
[Site "Bueckeburg"]
[Date "2007.11.03"]
[Round "5"]
[White "Maetzig, Jonas"]
[Black "Zuerik, Walter"]
[Result "0-1"]
[WhiteElo "1789"]
[BlackElo "1788"]
[PlyCount "60"]
[EventDate "2007.11.01"]
[EventType "swiss"]
[EventRounds "7"]
[EventCountry "GER"]
[SourceTitle "EXT 2021"]
[Source "ChessBase"]
[SourceDate "2020.10.23"]
[SourceVersion "1"]
[SourceVersionDate "2020.10.23"]
[SourceQuality "1"]

1. e4 e6 2. Qe2 c5 3. Nf3 Be7 4. g3 d5 5. exd5 exd5 6. Bg2 Nc6 7. c3 Nf6 8. 0-0 0-0 9. d4 Re8 10. Qd3 Ne4 11. Nbd2 Bf5 12. Qb5 Qb6 13. Qxb6 axb6 14. Re1 h6 15. Nxe4 Bxe4 16. Be3 Bd6 17. a3 Na5 18. dxc5 bxc5 19. b4 Nb3 20. Rab1 Bxb1 21. Rxb1 Rxa3 22. bxc5 Nxc5 23. Nd4 Bf8 24. Bxd5 Rxc3 25. Bxb7 Nxb7 26. Rxb7 Bc5 27. Nb5 Rc4 28. Rc7 Re5 29. Nd6 Rc3 30. Nb5 Rcxe3 0-1

[Event "Hannover-ch C/D"]
[Site "Bueckeburg"]
[Date "2007.11.01"]
[Round "2"]
[White "Izrailev, Alexander"]
[Black "Zuerik, Walter"]
[Result "1-0"]
[WhiteElo "2301"]
[BlackElo "1788"]
[PlyCount "21"]
[EventDate "2007.11.01"]
[EventType "swiss"]
[EventRounds "7"]
[EventCountry "GER"]
[SourceTitle "EXT 2021"]
[Source "ChessBase"]
[SourceDate "2020.10.23"]
[SourceVersion "1"]
[SourceVersionDate "2020.10.23"]
[SourceQuality "1"]

1. e4 e6 2. d4 d5 3. e5 c5 4. c3 Nc6 5. Nf3 Qb6 6. a3 c4 7. Nbd2 Nge7 8. Bxc4 dxc4 9. Nxc4 Qc7 10. Nd6+ Kd7 11. Nxf7 1-0

[Event "Hannover-ch C/D"]
[Site "Bueckeburg"]
[Date "2007.11.01"]
[Round "1"]
[White "Zuerik, Walter"]
[Black "Edling, Joern"]
[Result "1-0"]
[WhiteElo "1788"]
[BlackElo "1916"]
[PlyCount "119"]
[EventDate "2007.11.01"]
[EventType "swiss"]
[EventRounds "7"]
[EventCountry "GER"]
[SourceTitle "EXT 2021"]
[Source "ChessBase"]
[SourceDate "2020.10.23"]
[SourceVersion "1"]
[SourceVersionDate "2020.10.23"]
[SourceQuality "1"]

1. d4 Nf6 2. Nf3 e6 3. e3 b6 4. Bd3 Bb7 5. Nbd2 d5 6. 0-0 Nbd7 7. Ne5 Bd6 8. f4 c5 9. c3 Qe7 10. Qe2 0-0 11. Rf3 Ne4 12. Rh3 g6 13. Ndf3 f6 14. Ng4 e5 15. Nh4 f5 16. Nxe5 Rf6 17. Bd2 Nf8 18. Rf1 Ne6 19. Nhf3 c4 20. Bc2 b5 21. Be1 Rff8 22. Kh1 a5 23. Rg1 Bc8 24. Bh4 Qc7 25. Be1 b4 26. Nh4 Rf6 27. Bxe4 fxe4 28. g4 Ng7 29. Rhg3 Qe7 30. Ng2 Kh8 31. h4 Be6 32. Kh2 Qc7 33. Rh1 Raf8 34. h5 g5 35. Kg1 gxf4 36. exf4 Kg8 37. h6 Ne8 38. Bd2 Bxe5 39. dxe5 R6f7 40. f5 Bc8 41. Bf4 Qc5+ 42. Qe3 Qc6 43. Rh5 Rb7 44. Qd4 Qb6 45. Be3 Qxd4 46. Bxd4 Kf7 47. Nf4 Rb5 48. Kf2 Nc7 49. Rg5 Ne8 50. Ke3 bxc3 51. Bxc3 a4 52. a3 Rg8 53. Rxg8 Kxg8 54. e6 Nc7 55. Nh5 Ne8 56. Nf6+ Nxf6 57. Bxf6 Rb3+ 58. Bc3 Kf8 59. Kd4 Bb7 60. Bb4+ 1-0

[Event "Werther Schloss op-C 13rd"]
[Site "Werther"]
[Date "2007.04.01"]
[Round "5"]
[White "Zuerik, Walter"]
[Black "Deckert, Frank"]
[Result "1/2-1/2"]
[WhiteElo "1603"]
[BlackElo "1798"]
[PlyCount "87"]
[EventDate "2007.03.31"]
[EventType "swiss"]
[EventRounds "5"]
[EventCountry "GER"]
[SourceTitle "EXT 2008"]
[Source "ChessBase"]
[SourceDate "2007.11.25"]
[SourceVersion "1"]
[SourceVersionDate "2007.11.25"]
[SourceQuality "1"]

1. d4 Nf6 2. Nf3 e6 3. e3 c5 4. Bd3 d5 5. c3 Nbd7 6. Nbd2 Be7 7. 0-0 b6 8. Ne5 Bb7 9. f4 0-0 10. Ndf3 Ne4 11. Qc2 f6 12. Ng4 h5 13. Nf2 f5 14. Ne5 Nxe5 15. fxe5 Qe8 16. Be2 g5 17. Qd1 g4 18. Nd3 Ba6 19. Nf4 Bxe2 20. Qxe2 Bg5 21. Bd2 Bxf4 22. exf4 Nxd2 23. Qxd2 Rc8 24. Rac1 c4 25. Qf2 Qe7 26. b3 Rc7 27. bxc4 Rxc4 28. Rc2 Rfc8 29. Rfc1 R8c7 30. Kf1 Kg7 31. Ke2 Kg6 32. h3 Kf7 33. hxg4 hxg4 34. Rh1 Ke8 35. Kd2 Kd7 36. Rh6 Kc6 37. Qf1 Kb7 38. Qb1 R4c6 39. Qb3 Qg7 40. Rh1 Rc8 41. Qb1 Rh8 42. Qe1 Rh6 43. Rh4 Rc8 44. Rxh6 1/2-1/2